Normal view
MARC view
- Umar, Umara
Entry Personal Name
001 - CONTROL NUMBER
- control field: 118392
003 - CONTROL NUMBER IDENTIFIER
- control field: NUST
005 - DATE AND TIME OF LATEST TRANSACTION
- control field: 20231006114424.0
008 - FIXED-LENGTH DATA ELEMENTS
- fixed length control field: 231006|| aca||aabn | a|a d
040 ## - CATALOGING SOURCE
- Original cataloging agency: NUST
- Transcribing agency: NUST
100 ## - HEADING--PERSONAL NAME
- Personal name: Umar, Umara
670 ## - SOURCE DATA FOUND
- Source citation: Work cat.: (NUST): Umar, Umara, An AI-Aided Cardiovascular Care Unit for the Classification of Arrhythmias and Cardiac Maladies
